Dog dogs / (Record no. 353390)

000 -LEADER
fixed length control field 00663 a2200229 4500
003 - CONTROL NUMBER IDENTIFIER
control field OSt
005 - DATE AND TIME OF LATEST TRANSACTION
control field 20180116192406.0
008 - FIXED-LENGTH DATA ELEMENTS--GENERAL INFORMATION
fixed length control field 120615t xxu||||| |||| 00| 0 eng d
010 ## - LIBRARY OF CONGRESS CONTROL NUMBER
LC control number 99187883
020 ## - INTERNATIONAL STANDARD BOOK NUMBER
International Standard Book Number 9780714838052
040 ## - CATALOGING SOURCE
Transcribing agency 0
082 00 - DEWEY DECIMAL CLASSIFICATION NUMBER
Classification number 636.700222
100 1# - MAIN ENTRY--PERSONAL NAME
Personal name Erwitt, Elliott.
9 (RLIN) 4648
245 10 - TITLE STATEMENT
Title Dog dogs /
Statement of responsibility, etc. Elliott Erwitt.
260 ## - PUBLICATION, DISTRIBUTION, ETC.
Place of publication, distribution, etc. [London] :
Name of publisher, distributor, etc. Phaidon,
Date of publication, distribution, etc. [1998?]
300 ## - PHYSICAL DESCRIPTION
Extent 1 v. (unpaged) :
Other physical details chiefly ill. ;
Dimensions 19 cm.
500 ## - GENERAL NOTE
General note Cover title.
650 10 - SUBJECT ADDED ENTRY--TOPICAL TERM
Topical term or geographic name entry element Dogs
9 (RLIN) 4649
650 10 - SUBJECT ADDED ENTRY--TOPICAL TERM
Topical term or geographic name entry element Photography of dogs.
9 (RLIN) 4650
942 ## - ADDED ENTRY ELEMENTS (KOHA)
Institution code [OBSOLETE] SADA
Koha item type Book
Call number prefix 636.700222 ERW 1998
Source of classification or shelving scheme
952 ## - LOCATION AND ITEM INFORMATION (KOHA)
-- BOOK
Holdings
Withdrawn status Lost status Source of classification or shelving scheme Damaged status Not for loan Permanent Location Current Location Date acquired Total Checkouts Full call number Barcode Date last seen Cost, replacement price Price effective from Koha item type
          School of Art Design and Architecture (SADA) School of Art Design and Architecture (SADA) 06/27/2011   636.700222 ERW 1998 SADA0001339 08/05/2011 1167.00 08/05/2011 Book
© 2023 Central Library, National University of Sciences and Technology. All Rights Reserved.